Kamus al-muyassar : Arab-jawi kbsr

Bibliographic Details
Format: Book
Published: Kuala Lumpur : Penerbitan fargoes , 2013

MARC

LEADER 00000cam a2200000 7i4500
001 0000071262
005 20170309.0
008 170309
020 |a 9789673073634 
090 0 0 |a DIC   |b JAW 
245 0 0 |a Kamus al-muyassar :   |b Arab-jawi kbsr 
260 |a Kuala Lumpur :   |b Penerbitan fargoes ,   |c 2013 
999 |a 0001302800   |b Book   |c Children Collection   |e Cawangan Bandar Tenggara 
999 |a 0001302802   |b Book   |c Children Collection   |e Cawangan Pontian 
999 |a 0001302804   |b Book   |c Children Collection   |e Cawangan Mersing